000 01126nam a22002417a 4500
999 _c10420
_d10420
003 AR-CdUCM
008 190401b ||||| |||| 00| 0 spa d
040 _aMUNICIPALIDAD PROVINCIAL DEL CUSCO
_cBIBLIOTECA MUNICIPAL DEL CUSCO
082 _a069.985 /
_bT35 / 1967
100 _aTello, Julio C.
_925927
245 _aHistoria de los museos nacionales del Perú, 1822-1946 /
260 _aLima :
_bMuseo Nacional de Antropología y Arqueología e Instituto y Museo de Arqueología de la Universidad Nacional de San Marcos,
_c1967.
300 _a268 páginas ;
_c25 cm.
440 _aArqueológicas / Publicaciones del Instituto de Investigaciones Antropológicas ;
_n10
_927261
505 _aContenido:Museo nacional y museo de historia natural (1822-1881) -- Museo de historia nacional (1905-1935) -- Museo de arqueología peruana (1924-1930) -- Museo nacional (1930-1945) ...
650 _aMuseos
_923145
650 _aPerú
_935
650 _aHistoria
_9136
700 _aMejia Xesspe, Toribio
_916651
710 _aMuseo Nacional de Antropología y Arqueología (Perú)
_927262
942 _2ddc
_cLIBROS
945 _aacv